• 首页
  • 本馆介绍
  • 公告通知
  • 最新文献
  • 馆藏检索
  • 电子资源
  • 读者导购
  • 参考咨询
  • 我的图书馆
  • 登录
  • 详细信息显示
  • 放入我的书架
  • 预约/预借图书
  • 作者相关作品
  • 分类相关作品
  • 丛书相关作品
  • 出版社相关作品

书目信息

  • 表格格式
  • 工作单格式
  • 卡片格式
题名:
实用养蜂新技术
    
 
作者: 张中印 , 吴黎明 , 李卫海 编著
分册:  
出版信息: 北京   化学工业出版社  2011
页数: 176页
开本: 21cm
丛书名:
单 册:
中图分类: S89
科图分类:
主题词: 养蜂
电子资源:
ISBN: 978-7-122-10783-1
000 00883nam0 2200265 450
001 012015000034
005 20150914164124.68
010    @a978-7-122-10783-1@dCNY19.90
100    @a20110907d2011 em y0chiy50 ea
101 0  @achi
102    @aCN@b110000
105    @ay z 000yy
106    @ar
200 1  @a实用养蜂新技术@9shi yong yang feng xin ji shu@f张中印,吴黎明,李卫海编著
210    @a北京@c化学工业出版社@d2011
215    @a176页@c图@d21cm
300    @a国家现代蜂产业技术体系建设研究成果 中国养蜂学会蜜蜂饲养技术推广成果
330    @a本书从蜜蜂的生活特点及特性入手,着重讲述了蜂群管理、生产方法、繁育良种、防治病害以及蜂产品生产等。
606 0  @a养蜂
690    @aS89@v4
701  0 @a张中印@9zhang zhong yin@4编著
701  0 @a吴黎明@9wu li ming@4编著
701  0 @a李卫海@9li wei hai@4编著
801  0 @aCN@b碧洲教育@c20150716
905    @a10447@f4@dS89@e123
    
    实用养蜂新技术/张中印,吴黎明,李卫海编著.-北京:化学工业出版社,2011
    176页:图;21cm
    国家现代蜂产业技术体系建设研究成果 中国养蜂学会蜜蜂饲养技术推广成果
    
    ISBN 978-7-122-10783-1:CNY19.90
    本书从蜜蜂的生活特点及特性入手,着重讲述了蜂群管理、生产方法、繁育良种、防治病害以及蜂产品生产等。
●
相关链接 在E读中查询图书 在五车中查询图书 在当当中查询图书 在豆瓣中查询图书


正题名:实用养蜂新技术     索取号:S89/123         预约/预借

序号 登录号 条形码 馆藏地/架位号 状态 备注
1 0870864   208708647   第二样本阅览室/ [索取号:S89/123] 在馆    
2 0870865   208708656   第三借阅区/ [索取号:S89/123] 在馆    
3 0870866   208708665   第三借阅区/ [索取号:S89/123] 在馆    
4 0870867   208708674   密集书库-生命科学系/ [索取号:S89/123] 在馆    
唐山师范学院图书馆 欢迎您!
大连网信软件有限公司© 版权所有